00288 2200133 4500001002100000005001500021035002000036245003700056300000700093260002200100082000800122084001200130990001200142INLIS00000000000220420250527013351 a0010-0525000496 aKecerdasan Buatan /cAnne Rooney a48 bPakar Raya,c2003 a600 a600 KEC a0713256